000 01206nam a2200277Ia 4500
003 OSt
005 20221005111454.0
006 a|||||r|||| 00| 0
007 ta
008 221004b |||||||| |||| 00| 0 hin d
024 _a108645
037 _cTextual
040 _aCRL
_cCRL
_bhin
041 _2hin
_ahin
082 _aO152,1K18:g, N5
100 _aमहामति प्राणनाथ
245 0 _aमहामति प्राणनाथ जागनी संचयन
_b विश्वधर्म सद्भाव को समर्पित शोधग्रंथ
246 _aMahāmati prāṇanāth jāganī sanchayan : vishvadharma sadbhāv ko samarpit shodhagrantha
260 _aनई दिल्ली
_bश्री प्राणनाथ मिशन भारत
_c1995
300 _a440पृ0
_ccm.
650 _aहिन्दी साहित्य
700 _a मेहता, विमला
700 _a साहा, रणजीत
942 _hO152,1K18:g, N5
_cTEXL
_2cc
999 _c1021936
_d1021936